| 000 | 00444nam a2200145Ia 4500 | ||
|---|---|---|---|
| 003 | OSt | ||
| 005 | 20260226111404.0 | ||
| 008 | 211028s2019 xx 000 0 und d | ||
| 040 | _cAIMIT LIBRARY | ||
| 041 | _aeng | ||
| 100 |
_aBenson, Noble C; Suresh, Rajani. _g1716127 _98105 |
||
| 245 | _aIdentification of factors that influence consumers buying of chocolates in Mangalore / | ||
| 260 |
_aMangalore _bDivya Pereira _c2019 |
||
| 942 |
_2ddc _cPRO |
||
| 999 |
_c219673 _d219673 |
||